000 00362nam a2200157Ia 4500
003 OSt
005 20240120100629.0
008 170523s9999 xx 000 0 und d
020 _a978-8120310124
040 _cIIMT UNIVERSITY, MEERUT
100 _aKANTER- J
245 0 _aMANAGING WITH INFORMATION
260 _bNEW DELHI PHI
260 _c1997
942 _2ddc
_c02
999 _c27
_d27